Erenchun (Record no. 84437)

MARC details
000 -LEADER
campo de control de longitud fija 02306nkc a2200361za 4500
001 - NÚMERO DE CONTROL
campo de control 84437
003 - IDENTIFICADOR DE NÚMERO DE CONTROL
campo de control OSt
005 - FECHA Y HORA DE LA ÚLTIMA TRANSACCIÓN
campo de control 20260317140553.0
007 - CAMPO FIJO DE DESCRIPCIÓN FÍSICA--INFORMACIÓN GENERAL
campo de control de longitud fija kh boc
008 - DATOS DE LONGITUD FIJA--INFORMACIÓN GENERAL
campo de control de longitud fija 250409s19101911sp ||||| |||| 00| i|spa d
040 ## - FUENTE DE CATALOGACIÓN
Centro catalogador/agencia de origen M-RABA
Lengua de catalogación spa
Centro/agencia transcriptor M-RABA
100 1# - ENTRADA PRINCIPAL--NOMBRE DE PERSONA
Nombre de persona Elorza, Lorenzo
Fechas asociadas al nombre (1861-1931)
9 (RLIN) 111068
245 10 - MENCIÓN DEL TÍTULO
Título Erenchun
Resto del título : Pórtico
Mención de responsabilidad, etc. / L. E.
260 ## - PUBLICACIÓN, DISTRIBUCIÓN, ETC.
Fecha de publicación, distribución, etc. [ca. 1910 – 1911]
300 ## - DESCRIPCIÓN FÍSICA
Extensión 1 fotografía
Otras características físicas : gelatina de plata
Dimensiones ; imagen 12 x 16,5 cm
-- ; soporte secundario 21,5 x 26,5 cm
500 ## - NOTA GENERAL
Nota general Vista de los tramos de los que se compone el interior del pórtico de la iglesia parroquial de San Andrés en Erenchun, que se cubren con bóvedas ojivales.<br/>
500 ## - NOTA GENERAL
Nota general Fotografía montada sobre soporte secundario de cartulina azul enmarcada con orla en relieve. Título y numeración manuscrita que hace referencia a la posición en la serie “58”.
500 ## - NOTA GENERAL
Nota general Sello con monograma del fotógrafo en tinta roja “L.E.”
500 ## - NOTA GENERAL
Nota general Fechas tomadas de la ejecución del positivo de las fotografías, incluido el soporte secundario. (Soto Madrazo, Javier. 2008).
500 ## - NOTA GENERAL
Nota general Forma parte de un conjunto de 167 fotografías empleadas por Federico Baráibar Zumárraga para la elaboración del Inventario del Románico en Álava (1911).
504 ## - NOTA DE BIBLIOGRAFÍA, ETC.
Nota de bibliografía, etc. Nota Baraibar, F.: "Rincones artísticos", M. 1914.
505 ## - NOTA DE CONTENIDO CON FORMATO
Nota de contenido con formato Erenchun.- Pórtico / L. E.
510 ## - NOTA DE CITAS O REFERENCIAS BIBLIOGRÁFICAS
Nombre de la fuente Descripción tomada de: Soto Madrazo, Javier (2008). "Federico Baraibar y las fotografías del Románico Alavés. Breve estudio y catalogación"
510 ## - NOTA DE CITAS O REFERENCIAS BIBLIOGRÁFICAS
Nombre de la fuente Esta colección fue utilizada posteriormente por Cristóbal de Castro para la elaboración y publicación del "Catálogo Monumental de España: provincia de Álava", Madrid, S. de Rivadeneira, 1915.
561 ## - PROPIEDAD E HISTORIA DE CUSTODIA/NOTA DE PROCEDENCIA
Historial Donadas junto con la memoria manuscrita a la Academia por el mismo Baraibar (Sesión 12 de febrero de 1912, Archivo: 4-32-1)
610 20 - PUNTO DE ACCESO ADICIONAL DE MATERIA--NOMBRE DE ENTIDAD CORPORATIVA
Nombre de entidad corporativa o nombre de jurisdicción como elemento de entrada Iglesia de San Andrés (Erenchun)
9 (RLIN) 111614
651 #7 - PUNTO DE ACCESO ADICIONAL DE MATERIA--NOMBRE GEOGRÁFICO
Nombre geográfico Álava
Fuente del encabezamiento o término embne
9 (RLIN) 75661
655 #0 - TERMINO DE INDIZACIÓN--GENERO/FORMA
Datos o término principal de género/forma Fotografías de monumentos
9 (RLIN) 111580
700 1# - ENTRADA AGREGADA--NOMBRE PERSONAL
Nombre de persona Baráibar y Zumárraga, Federico
Fechas asociadas al nombre (1851-1918)
9 (RLIN) 12926
852 ## - LOCALIZACIÓN
Número de control de estantería Fot-167
856 ## - LOCALIZACIÓN Y ACCESO ELECTRÓNICOS
Materiales especificados Fot-167
Identificador Uniforme de Recurso <a href="https://archivoybiblioteca.realacademiabellasartessanfernando.com/cgi-bin/koha/opac-retrieve-file.pl?id=9d99b21ee944d9be68facc5b670af223">https://archivoybiblioteca.realacademiabellasartessanfernando.com/cgi-bin/koha/opac-retrieve-file.pl?id=9d99b21ee944d9be68facc5b670af223</a>
942 ## - ELEMENTOS DE ENTRADA SECUNDARIOS (KOHA)
Fuente de la clasificación o esquema de estantería Clasificación Decimal Dewey
Tipo de ítem Koha Fotografías
Suprimir en OPAC No
Holdings
Estatus retirado Estado de pérdida Fuente de la clasificación o esquema de estantería Estado de daño No para préstamo Colección Biblioteca de origen Biblioteca actual Ubicación en estantería Fecha de adquisición Total de préstamos Signatura topográfica completa Código de barras Visto por última vez Precio de reemplazo Tipo de ítem Koha
    Clasificación Decimal Dewey     Fotografía Real Academia de la Bellas Artes de San Fernando Real Academia de la Bellas Artes de San Fernando Depósito 2 09/04/2025   Fot-167 1095312 09/04/2025 09/04/2025 Fotografías

Powered by Koha